00275nam a2200097Ia 4500008004100000245002400041245004300065260000900108650001200117856004800129171211s9999 xx 000 0 und d 4aThe Victorian Novel cAmy Sickles, Harold Bloom, and Henry W c2003 xCULTURE uhttp://down.ebook777.com/061/0791076784.pdf